| 000 | 01116nam a22002175i 4500 | ||
|---|---|---|---|
| 001 | 157904 | ||
| 003 | ES-MaACL | ||
| 005 | 20251003185627.0 | ||
| 008 | 040818s1856 sp |||| | spa d | ||
| 040 |
_aCAM _bspa _cCAM |
||
| 245 | 0 | 3 |
_aEl lobo marino _b: drama en dos actos / _ctraducido del francés por Isidoro Gil. |
| 260 |
_aMadrid : _bM.P.D. [Manuel Pedro Delgado] : _b[Librerias de Cuesta y Rios], _c1856 ( _fImprenta de Cipriano Lopez) |
||
| 300 |
_a44 p. ; _c20 cm. |
||
| 490 | 1 | _aGalería dramatica : coleccion de las mejores obras del teatro antiguo y moderno español y del estrangero [sic] por los principales autores | |
| 596 | _aEd. consta en port. con sus siglas, y los segundos editores tomados de la cub. original. | ||
| 598 | _aSerie tomada de la cub. original. | ||
| 700 | 1 |
_aGil y Baus, Isidoro, _d1814-1866 _956736 |
|
| 830 | 0 | 0 |
_aGalería dramática: colección de las mejores obras del teatro antiguo y moderno español y estrangero por los principales autores _9242028 |
| 852 |
_aES-MaACL _jFol-Laf-361 _z-- Rust. _z-- Legado M. de la Fuente |
||
| 999 |
_c157904 _d157904 |
||